000 00649nam a22002051 4500
001 114568
003 ES-MaACL
005 20230906190206.0
007 t|
008 960922q19011930sp ||||0| spa d
016 7 _zIND9600735205
040 _aM-BN
_bspa
_cCDM
100 1 _aQuintanilla y Fábregas, Guillermo.
_9170374
245 1 0 _aInstrucciones para el cultivo de la remolacha azucarera /
_cGuillermo Quintanilla.
260 _aMadrid :
_bMinisterio de Fomento,
_c[19--?]
300 _a34 p. ;
_c19 cm.
500 _aDirección General de Agricultura y Montes.
650 4 _aRemolacha azucarera.
_9136823
852 _aES-MaACL
_j1729-F-4
999 _c114568
_d114568